00181nam a2200061Ia 4500245004200000100003600042008004100078 0aThe educator as mediator of learning  a Nieman, M M Pretoria, 2006 210825s9999 xx 000 0 und d